鬼吹燈II . 怒晴湘西 . 參
| 資料類型: | 圖書 | 書目號: | 51035 |
Leader xxxxxxxxxx 001 __ 102460/3/02 005 __ 20170410105855.107 010 0_ |a9789863611035|b全套 : 平裝|d新臺幣360元 100 __ |a20170410d2015 k y0chiy50 e 101 0_ |achi 102 __ |atw 105 __ |ay z 000ay 200 1_ |a鬼吹燈II|h參|i怒晴湘西|f天下霸唱著 205 __ |a初版 210 __ |a臺北市|c高寶國際|d2015[民104] 215 0_ |a2冊|d21公分 225 12 |a戲非戲|v193 517 1_ |a怒晴湘|zchi 700 _0 |a天下霸唱|4著 681 __ |a857.7|b8734 v.3 801 _0 |atw|bLibDipper|c20170410|gCCR |